El "Celeste" / (Registro nro. 11669)

Detalles MARC
000 -LIDER
fixed length control field 01045nam a22003497a 4500
001 - NÚMERO DE CONTROL
Identificador de número de control 000593
003 - IDENTIFICACDOR DE NÚMERO DE CONTROL
control field DO-SdBNP
005 - DATE AND TIME OF LATEST TRANSACTION
control field 20180118113036.0
007 - CAMPOS FIJOS DE DESCRIPCIÓN FÍSICA
fixed length control field 000593
008 - ELEMENTOS DE LONGITUD FIJA
fixed length control field 151005b1995 sp a b 00| 0 spa d
020 ## - ISBN
International Standard Book Number 8434827085
040 ## - FUENTE DE CATALOGACIÓN
Agencia que crea de manera original el registro BPMSU
Idioma de catalogación spa
Agencia que realiza la transcripción BPMSU
082 ## - NÚMERO DE CLASIFICACIÓN DECIMAL DE DEWEY
Classification number xxxxx
Item number xxxxx
100 1# - ASIENTO PRINCIPAL -- NOMBRE PERSONAL
Nombre personal Merino Agudo, Jesús María,
Fechas asociadas con el nombre 1944-
245 10 - MENCIÓN DE TITULO
Título El "Celeste" /
Mención de responsabilidad Jesús Ma. Merino Agudo ; ilustración Toño Benavides ; colección dirigida por Marinella Terzi
250 ## - MENCIÓN DE EDICION
Mención de edición 5a. ed.
260 ## - PUBLICACIÓN, DISTRIBUCIÓN, ETC. (PIE DE IMPRENTA)
Lugar de publicación, distribución, etc Madrid :
Nombre del editor, distribuidor, etc. Ediciones SM,
Fecha de publicación, distribución, etc 1995.
300 ## - DESCRIPCIÓN FÍSICA
Extensión 136 p. :
Otros detalles físicos il. mapas ;
Dimensiones 19 cm.
490 1# - MENCIÓN DE SERIES
Mención de serie El barco de vapor
Volume/sequential designation 54
490 1# - MENCIÓN DE SERIES
Mención de serie Roja
500 ## - NOTA GENERAL
Nota general A partir de 12 años
521 1# - TARGET AUDIENCE NOTE
Target audience note A partir de los 12 años
586 ## - AWARDS NOTE
Awards note Premio El Barco de Vapor, 1988.
700 12 - ASIENTO SECUNDARIO -- NOMBRE PERSONAL
Nombre personal Benavides, Toño,
Mención de responsabilidad il.
700 12 - ASIENTO SECUNDARIO -- NOMBRE PERSONAL
Nombre personal Olasagasti, Manuel,
Mención de responsabilidad trad.
700 12 - ASIENTO SECUNDARIO -- NOMBRE PERSONAL
Nombre personal Terzi, Marinella
Mención de responsabilidad dir.
830 #0 - ASIENTO SECUNDARIO DE SERIE--TÍTULO UNIFORME
Título uniforme Barco de vapor ;
Volume number/sequential designation 54
830 #0 - ASIENTO SECUNDARIO DE SERIE--TÍTULO UNIFORME
Título uniforme Roja
942 ## - ADDED ENTRY ELEMENTS (KOHA)
Source of classification or shelving scheme Dewey Decimal Classification
Koha item type Libros
945 ## - INFORMACIÓN DE PROCESAMIENTO LOCAL
Información de procesamiento local Inventariado, 2018/LP
956 ## - LOCAL ELECTRONIC LOCATION AND ACCESS (OCLC)
Nombre de host LOPEREZ
Número de acceso 10
Información de compresión 20161025
Existencias
Withdrawn status Lost status Source of classification or shelving scheme Damaged status Not for loan Collection code Home library Current library Date acquired Source of acquisition Total Checkouts Full call number Barcode Date last seen Price effective from Koha item type
    Dewey Decimal Classification     Colección Juvenil General Biblioteca Pública Metropolitana Salomé Ureña Biblioteca Pública Metropolitana Salomé Ureña 10/25/2016 FUNDI   xxxxx xxxxx BPMSU16100353 10/25/2016 10/25/2016 Libros